NFL Franchises That Don't Exist Anymore - Statistics

General Stats
  • This quiz has been taken 5 times
  • The average score is 5 of 58
Answer Stats
Time Period Team % Correct
1947-1950 Baltimore Colts
80%
1920-1925 Akron Pros
20%
1946-1948 Boston Yanks
20%
1920-1923 Buffalo All-Americans
20%
1924-1925, 1946 Buffalo Bison
20%
1920-1926 Canton Bulldogs
20%
1933-1934 Cincinnati Reds
20%
1921, 1923, 1931 Cleveland Indians
20%
1920-1929 Dayton Triangles
20%
1926-1927 Duluth Eskimos
20%
1920-1926 Hammond Pros
20%
1926 Los Angeles Buccaneers
20%
1921-1923 Louisville Brecks
20%
1920-1921 Muncie Flyers
20%
1927-1928, 1946-1951 New York Yankees
20%
1922-1923 Oorang Indians
20%
1929 Orange Tornadoes
20%
1925-1931 Providence Steam Roller
20%
1920-1925 Rochester Jeffersons
20%
1920-1925 Rock Island Independents
20%
1921 Tonawanda Kardex
20%
1926 Akron Indians
0%
1929 Boston Bulldogs
0%
1946-1948 Brooklyn Dodgers
0%
1945 Brooklyn Lions
0%
1949 Chicago Hornets
0%
1946-1948 Chicago Rockets
0%
1920 Chicago Tigers
0%
1921 Cincinnati Celts
0%
1924-1927 Cleveland Bulldogs
0%
1920-1922 Columbus Panhandles
0%
1923-1926 Columbus Tigers
0%
1952 Dallas Texans
0%
1920 Detroit Heralds
0%
1925-1926 Detroit Panthers
0%
1928 Detroit Wolverines
0%
1923-1925 Duluth Kellys
0%
1921-1922 Evansville Crimson Giants
0%
1924-1931 Frankford Yellow Giants
0%
1926 Hartford Blues
0%
1924 Kansas City Blues
0%
1925-1926 Kansas City Cowboys
0%
1924 Kenosha Maroons
0%
1946-1949 Los Angeles Dons
0%
1926 Louisville Colonels
0%
1946 Miami Seahawks
0%
1922-1926 Milwaukee Badgers
0%
1929-1930 Minneapolis Red Jackets
0%
1930 Newark Tornadoes
0%
1921 New York Brickley Giants
0%
1929 Pottsville Maroons
0%
1922-1924 Racine Legion
0%
1926 Racine Tornadoes
0%
1929-1932 Staten Island Stapletons
0%
1923 St. Louis All-Stars
0%
1934 St. Louis Gunners
0%
1922-1923 Toledo Maroons
0%
1921 Washington Senators
0%
No matching quizzes found
Score Distribution
Percent of People with Each Score
Percentile by Number Answered
Your Score History
You have not taken this quiz